000 00296nam a22001457a 4500
008 211019b ||||| |||| 00| 0 eng d
020 _a9781418860646
041 _aeng
080 _22nd
_a004
082 _a004
100 _a28
101 _aSHKI
245 _aXML
_cCarey,P
942 _2udc
_cBK
999 _c58291
_d58291